| 000 | 00902nam a2200253 a 4500 | ||
|---|---|---|---|
| 001 | BRCA_1684 | ||
| 005 | 20190320203515.0 | ||
| 008 | 000710s1999 onca---##b---#001-0#eng-c | ||
| 020 | _a0802085075 | ||
| 040 |
_aCaOTU _beng _cNLC _dUMC |
||
| 050 | 4 |
_aN7972 _b.B35 1999 |
|
| 100 | 1 |
_aBailey, Gauvin Alexander _95261 |
|
| 245 | 1 | 0 |
_aArt on the Jesuit Missions in Asia and Latin America, 1542-1773 _cGauvin Alexander Bailey. |
| 260 |
_aBuffalo _bUniversity of Toronto _cc1999 |
||
| 300 |
_axii, 310 p., [80 p.] de láminas _bil. _c25 cm. |
||
| 500 | _aIncluye índice alfabético | ||
| 504 | _aBibliografía : p. [259]-286 | ||
| 650 | 1 | 4 |
_aJesuitas _xMisiones _zAsia _95262 |
| 650 | 1 | 4 |
_aJesuitas _xMisiones _zAmérica Latina _95263 |
| 650 | 1 | 4 |
_aJesuitas en el arte _xHistoria _zAsia _95264 |
| 650 | 1 | 4 |
_aJesuitas en el arte _xHistoria _zAmérica Latina _95265 |
| 653 | 0 | _aOrdenes religiosas | |
| 942 |
_2lcc _cB |
||
| 999 |
_c1477 _d1477 |
||